Normal view
MARC view
Entry Personal Name
001 - CONTROL NUMBER
- control field: 7953
003 - CONTROL NUMBER IDENTIFIER
- control field: OSt
005 - DATE AND TIME OF LATEST TRANSACTION
- control field: 20211028144315.0
008 - FIXED-LENGTH DATA ELEMENTS
- fixed length control field: 211028|| aca||aabn | a|a d
040 ## - CATALOGING SOURCE
- Original cataloging agency: OSt
- Transcribing agency: OSt
100 ## - HEADING--PERSONAL NAME
- Personal name: Tauro, Stacy; Harinakshi.
- Miscellaneous information: 1616201
670 ## - SOURCE DATA FOUND
- Source citation: Work cat.: (OSt): Tauro, Stacy; Harinakshi. 1616201, Study on the effectiveness of employee engagement at KMC hospital Attavar., 2018